000 00458nam a2200145Ia 4500
008 100204s9999 xx 000 0 und d
082 _b13746
100 _aअभ्यंकर कुसुम
245 _aपरत येऊ नकोस
260 _b"शशीदीप प्रकाशन , पुणे"
_c1979
300 _a238
630 _aपरत येऊ नकोस
730 _aपरत येऊ नकोस
942 _cBOOK
999 _c458178
_d458175